000 01126nam a2200253 i 4500
001 29535
003 ES-MaACL
005 20240524162352.0
007 t|
008 030122s1901 sp ac c |||| | spa d
110 2 _aBiblioteca Nacional (España)
_92188
245 1 0 _aCatálogo de los retratos de personajes españoles que se conservan en la Sección de Estampas y de Bellas Artes de la Biblioteca Nacional /
_cpor el encargado de la Sección, Ángel M. de Barcia.
260 _aMadrid :
_b[s.n.],
_c1901 (
_fEstab. Tip. de la Viuda e Hijos de M. Tello)
300 _a897 p. ;
_c25 cm.
530 _aDisponible en formato digital.
610 2 4 _aBiblioteca Nacional (España)-
_vCatálogos
_92189
650 4 _aEspañoles-
_xRetratos.
_9143788
700 1 _aBarcia y Pavón, Ángel María.
_9148714
710 2 _aBiblioteca Nacional (España).
_bSección de Estampas.
_92196
852 4 _aES-MaACL
_jC-2375
856 4 _uhttp://bdh-rd.bne.es/viewer.vm?id=0000232364&page=1
_zBiblioteca Digital Hispánica
856 4 _uhttp://www.archive.org/details/catalogodelosret00madruoft
_zInternet Archive
999 _c29535
_d29535